Statistiques concernant Artistes musicaux les plus suivis sur YouTube

Cliquez ici pour prendre le quiz!

Statistiques générales

  • Ce quiz a été pris 177 fois
  • Le résultat moyen est 8 sur 24

Statistiques - réponses

Nombre d'abonnés
(en Millions)
Pays d'origineArtiste% Correct
72.3Corée du SudBTS
88%
40.4BarbadeRihanna
78%
70.6CanadaJustin Bieber
76%
38.5ColombieShakira
67%
83.3Corée du Sud Nouvelle-Zélande ThaïlandeBlackpink
59%
50Etats-UnisTaylor Swift
49%
52Etats-UnisAriana Grande
48%
52.6Royaume-UniEd Sheeran
47%
30CanadaThe Weeknd
45%
54Etats-UnisEminem
43%
43.5Etats-UnisKaty Perry
34%
31.6Etats-UnisSelena Gomez
30%
37.6Royaume-Uni IrlandeOne Direction
27%
44.3Etats-Unis (Porto Rico)Bad Bunny
26%
31.1Etats-Unis (Porto Rico)Luis Fonsi
22%
47Etats-UnisBillie Eilish
15%
35.7Etats-UnisBruno Mars
15%
37.2Etats-Unis (Porto Rico)Daddy Yankee
12%
33.8ColombieJ Balvin
12%
38.3Etats-UnisXXXTentacion
11%
36.3Etats-UnisMaroon 5
10%
42.6NorvègeAlan Walker
6%
56.1Etats-UnisMarshmello
6%
35.5Etats-Unis (Porto Rico)Ozuna
3%

Distribution des résultats

Percentile par nombre de réponses

% des personnes avec chaque résultat

Votre développement - résultats

Vous n’avez pas pris ce quiz